10 Most Populous Majority Christian Countries - Statistics

General Stats
  • This quiz has been taken 135 times
  • The average score is 8 of 10
Answer Stats
country % Correct
United States
97%
Brazil
89%
United Kingdom
88%
Germany
87%
France
86%
Mexico
84%
Italy
83%
Philippines
52%
Dem Rep Congo
50%
Ethiopia
50%
No matching quizzes found
Score Distribution
Percent of People with Each Score
Percentile by Number Answered
Your Score History
You have not taken this quiz